First 100 words of Animal Farm - Statistics

General Stats
  • This quiz has been taken 413 times
  • The average score is 42 of 100
Answer Stats
Word % Correct
a
97%
the
93%
Farm,
91%
farm
91%
and
72%
he
68%
in
68%
of
66%
was
66%
to
64%
where
53%
there
52%
for
51%
had
48%
at
46%
As
44%
as
44%
but
44%
Mr.
44%
his
41%
from
38%
night,
38%
all
37%
too
36%
Jones,
35%
Jones
35%
up
32%
Manor
29%
off
29%
out
27%
With
25%
drunk
24%
went
24%
door,
22%
back
21%
light
21%
Mrs.
20%
locked
19%
soon
19%
bed,
17%
gone
17%
shut
16%
yard,
16%
last
15%
remember
15%
lantern
14%
way
14%
already
13%
beer
13%
boots
13%
made
13%
across
12%
hen-houses
12%
side
12%
side,
12%
snorring.
12%
kicked
10%
pop-holes.
10%
glass
9%
through
9%
Word
9%
barrel
8%
bedroom
8%
dancing
8%
himself
8%
scullery,
8%
drew
7%
lurched
7%
ring
7%
stirring
7%
buildings.
6%
fluttering
6%
No matching quizzes found
Score Distribution
Percent of People with Each Score
Percentile by Number Answered
Your Score History
You have not taken this quiz